Спогади (Запис № 575441)

МАРК-запис
000 -Лідер
fixed length control field 00933 a2200241 4500
003 - Ідентифікатор контрольного номера
control field UA-OsUOA
005 - Дата та час останнього входження (трансакції)
control field 20231127122208.0
008 - Елементи даних фіксованої довжини – загальна інформація
fixed length control field 231127b un ||||| |||| 00| 0 ukr d
040 ## - Джерело каталогізації
Агенція оригінальної каталогізації UA-OsUOA
Мова каталогізації ukr
Агенція, яка здійснювала перезапис UA-OsUOA
Агенція, яка здійснювала модифікацію UA-OsUOA
041 ## - Код мови
Код мови тексту/ звукової доріжки чи окремого заголовка (П) ukr
080 ## - Індекс Універсальної десяткової класифікації
Індекс Універсальної десяткової класифікації (УДК) (НП) 821.161.2
090 ## - Локальний шифр розміщення
Класифікаційний індекс УДК 821.161.2
Авторський знак (НП) Л60
100 ## - Основне введення – ім’я особи
Ім’я особи (НП) Ліончук М.
245 ## - Відомості про назву
Назва (НП) Спогади
Дані про відповідальність (НП) Микола Ліончук ; упоряд. Віра Кухарук
250 ## - Відомості про видання (редакцію)
Відомості про видання (редакцію) (НП) історико-публіцистичне видання
260 ## - Публікація, розповсюдження і т.п. (Вихідні дані)
Місце публікації, розповсюдження і т.п. (П) Харків
Ім’я/ наймення видавництва, розповсюджувача і т.п. (П) Озеров Г. В.
Дата публікації, розповсюдження і т.п. (П) 2018
300 ## - Фізичний опис
Обсяг 208 с.
650 ## - Додаткове предметне введення – тематичний термін
Джерело заголовка чи терміна UDC
Тематичний термін чи географічна назва, як елемент введення (НП) 821 Художня література окремими мовами і мовними сім'ями
700 1# - Додаткове введення – ім'я особи
Ім’я особи (НП) Кухарук В.
Термін відношення упоряд.
942 ## - Додаткові елементи входу (Коха)
Тип елемента Koha Книги
Source of classification or shelving scheme Universal Decimal Classification
955 ## - Код типу видання за змістом
Код типу видання за змістом (НП) Літературно-художні видання
Фонди
Стан вилучень Стан втрат Джерело класифікації або схеми стелажів Стан уражень Не для кредиту Постійне місце розташування Поточне розміщення Дата придбання Джерело придбання Вартість, звичайна ціна покупки Усього замовленно Повний номер виклику Штрих-код Дата останнього перегляду Вартість, ціна заміни Ціна ефективна від Тип елемента Koha Примітка, призначена для загального доступу
    Universal Decimal Classification     АБ - Абонемент НБ АБ - Абонемент НБ 27/11/2023 №42/24.11.2023 50.00   821.161.2 Л60 166898 27/11/2023 50.00 27/11/2023 Книги подарувала Шершньова О., з автографом Ліончука М.